00816cam a2200229 a 4500001000800000005001700008008004100025020001700066040001800083082002000101245010300121260004000224300001300264500011800277650002500395650001300420650002100433700002100454942000600475952009200481999001300573342889520231204021549.0900719s1990 ii b 000 0 eng  a8185107203 : aDLCcDLCdDLC00a305.42/095422002aA Space within the struggle :bwomen's participation in people's movements /cedited by Ilina Sen. aNew Delhi :bKali for Women,c1990. a275 p. ; aContributed research papers on the role of women in mass movements aiming for a broad political or social change. 0aWomen in development 0aFeminism 0aSocial movements1 aSen, Ilina.eedt cL 001040708LaWERCLbWERCLd2023-12-04l0o305.42/0954p260r2023-12-04w2023-12-04yL c127d127